Autokennzeichen Deutschlands nach Buchstabe - A - Statistiken

Allgemein
  • Dieses Quiz wurde 79 mal gespielt
  • Das Durchschnittsergebnis liegt bei 13 aus 32
Antwortstatistiken
Kürzel Bundesland Stadt/Landkreis % Korrekt
A Bayern Augsburg
100%
AC NRW Aachen
85%
AA Baden-Württemberg Aalen
85%
Bayern Altötting
68%
AUR Niedersachsen Aurich
63%
AB Bayern Aschaffenburg
61%
AM Bayern Amberg
58%
AP Thüringen Apolda / Weimarer Land
55%
AIC Bayern Aichach
54%
AN Bayern Ansbach
52%
ANA Sachsen Annaberg / Erzgebirgskreis
46%
AW Rheinland-Pfalz Ahrweiler
45%
AIB Bayern Aibling
42%
ALZ Bayern Alzenau / Aschaffenburg
41%
AZ Rheinland-Pfalz Alzey-Worms
41%
ANK Mecklenburg-Vorpommern Anklam / Vorpommern-Greifswald
41%
APD Thüringen Apolda / Weimarer Land
41%
ABG Thüringen Altenburg
38%
AK Rheinland-Pfalz Altenkirchen
37%
ARN Thüringen Arnstadt / Ilmkreis
35%
AH NRW Ahaus / Borken
34%
AU Sachsen Aue / Erzgebirgskreis
32%
ANG Brandenburg Angermünde / Uckermark
30%
ABI Sachsen-Anhalt Anhalt-Bitterfeld
25%
ASL Sachsen-Anhalt Aschersleben / Salzlandkreis
25%
ALF Niedersachsen Alfeld / Hildesheim
24%
AS Bayern Amberg-Sulzbach
18%
AZE Sachsen-Anhalt Anhalt-Zerbst / Anhalt-Bitterfeld
14%
ART Thüringen Artern / Kyffhäuserkreis
14%
AT Mecklenburg-Vorpommern Altentreptow / Mecklenburgische Seenplatte
10%
AE Sachsen Auerbach / Vogtlandkreis
8%
ASZ Sachsen Aue-Schwarzenbeck / Erzgebirgskreis
8%
Keine übereinstimmenden Quizze gefunden
Verteilung der Resultate
Anzahl Personen mit jedem Resultat
Perzentil nach korrekt beantworteten Fragen
Ihre Resultats-Entwicklung
Sie haben dieses Quiz noch nicht gespielt